| 000 | 01527cam a2200349Ii 4500 | ||
|---|---|---|---|
| 999 |
_c29309 _d29280 |
||
| 001 | om232957745 | ||
| 003 | EG-ScBUE | ||
| 005 | 20210803103703.0 | ||
| 008 | 190215s2020 nyu f b 000 0 eng d | ||
| 020 | _a9780367257569 | ||
| 040 |
_aYDX _beng _erda _cYDX _dTJC _dOCLCF _dCHVBK _dOCLCO _dCNKUC _dEG-ScBUE |
||
| 082 | 0 | 4 |
_a303.372 _bSOC _222 |
| 245 | 0 | 0 |
_aSociology for human rights : _bapproaches for applying theories and methods / _cedited by David L. Brunsma, Keri E. Iyall Smith, Brian K. Gran. |
| 264 | 1 |
_aNew York ; _aLondon : _bRoutledge, _c2020. |
|
| 300 |
_av, 229 pages ; _c24 cm |
||
| 336 |
_atext _btxt _2rdacontent |
||
| 337 |
_aunmediated _bn _2rdamedia |
||
| 338 |
_avolume _bnc _2rdacarrier |
||
| 504 | _aIncludes bibliographical references. | ||
| 505 | 0 | 0 |
_gIntroduction : _tCreating Knowledge About Human Rights Sociologically / _rDavid L. Brunsma, _rKeri E. Iyall Smith, _rBrian K. Gran -- _tMethodology / _rAmir B. Marvasti, _rKaryn D. McKinney |
| 650 | 7 |
_aHuman rights. _2BUEsh |
|
| 650 | 7 |
_aSocial justice. _2BUEsh |
|
| 650 | 7 |
_aSociology _xPhilosophy. _2BUEsh |
|
| 653 |
_bGGEN _cAugust2021 |
||
| 655 |
_vReading book _934232 |
||
| 700 | 1 |
_aBrunsma, David L., _eeditor. |
|
| 700 | 1 |
_aIyall Smith, Keri E., _d1973- _eeditor. |
|
| 700 | 1 |
_aGran, Brian, _d1963- _eeditor. |
|
| 942 |
_2ddc _cBB |
||
| 949 |
_tNONCIRC _l_ULDEMAND _mI-UNIVLIB _o.PUBLIC. Books on Demand service for IUPUI University Library users only _o.PUBLIC. Click the “Get this for IUPUI” button to submit a request. |
||